Comuni della Provincia di Bologna (con mappa) - Statistics

Statistiche generali
  • Questo quiz è stato fatto 138 volte
  • Il punteggio medio è 33 su 55
Risposte nella Mappa
Le risposte nella mappa del quiz sottostante sono codificate secondo una scala di colori dal rosso al verde in base alla % di persone che hanno risposto correttamente.
 
Statistiche sulle risposte
Risposta % Corretto
Bologna
98%
Casalecchio di Reno
90%
Imola
88%
Castel San Pietro Terme
86%
San Lazzaro di Savena
83%
Budrio
81%
Medicina
81%
Sasso Marconi
79%
Anzola dell'Emilia
78%
Castel Maggiore
78%
Pianoro
76%
San Giovanni in Persiceto
76%
Monghidoro
74%
Zola Predosa
72%
Castenaso
69%
Dozza
69%
Marzabotto
69%
Ozzano dell'Emilia
67%
Valsamoggia
66%
San Pietro in Casale
64%
Calderara di Reno
62%
Granarolo dell'Emilia
62%
Sant'Agata Bolognese
59%
Bentivoglio
57%
Castel Guelfo di Bologna
57%
Crevalcore
57%
Molinella
57%
Loiano
55%
Vergato
55%
Minerbio
53%
Monzuno
53%
Pieve di Cento
52%
San Benedetto Val di Sambro
52%
Castel del Rio
50%
Monterenzio
50%
Monte San Pietro
50%
San Giorgio di Piano
50%
Alto Reno Terme
48%
Argelato
48%
Castiglione dei Pepoli
48%
Mordano
48%
Baricella
47%
Grizzana Morandi
47%
Castel d'Aiano
45%
Sala Bolognese
45%
Camugnano
43%
Lizzano in Belvedere
43%
Malalbergo
43%
Castello d'Argile
41%
Gaggio Montano
41%
Galliera
41%
Castel di Casio
40%
Casalfiumanese
38%
Fontanelice
38%
Borgo Tossignano
34%
Nessun quiz corrispondente trovato
Distribuzione punteggi
Percentuale di utenti per punteggio
Percentile per numero di risposta
I tuoi punteggi nel tempo
Non hai fatto questo quiz